Two 'S' Words by One Hint Quiz Stats

 Plays Quiz Updated Oct 18, 2017

Also try: Starts With 'FU'
Challenge
Share
Tweet
Embed
Score 0/20 Timer 04:00
1 Play Today
% Correct
Secret Service
93.1%
Speed Skating
92.3%
Silver Slugger
89.4%
Silver State
86.2%
Space Shuttle
84.9%
Smoke Screen
83.9%
Selective Service
83.1%
Stop Sign
81.7%
Sister Sledge
80.5%
Silver Spirit
79.1%
% Correct
Sing Sing
77.7%
Seven Samurai
77.7%
Sam Spade
72.7%
Spanish Steps
66.3%
Sunrise, Sunset
64.7%
South Sudan
64.7%
Seven Seals
63.9%
Sookie Stackhouse
61%
Sunshine Superman
57.1%
Seven Sisters
56.3%

You're not logged in!

Compare scores with friends on all Sporcle quizzes.
Join for Free
OR
Log In

You Might Also Like...

Show Comments

Extras

Top Quizzes Today


Score Distribution

Your Account Isn't Verified!

In order to create a playlist on Sporcle, you need to verify the email address you used during registration. Go to your Sporcle Settings to finish the process.

Report this User

Report this user for behavior that violates our Community Guidelines.

Details: